|
|
|
|
| LEADER |
00000nbm2a2200000 4500 |
| 001 |
144965 |
| 005 |
20231031143903.0 |
| 035 |
|
|
|a (RuTPU)RU\TPU\book\157120
|
| 090 |
|
|
|a 144965
|
| 100 |
|
|
|a 20081010d1964 k y0rusy50 ca
|
| 101 |
0 |
|
|a rus
|
| 102 |
|
|
|a RU
|
| 105 |
|
|
|a a m 001zy
|
| 200 |
0 |
|
|a [Т. 1]
|
| 210 |
|
|
|d 1964
|
| 215 |
|
|
|a 585 л.
|c ил.
|
| 320 |
|
|
|a Библиогр.: с. 557-580 (214 назв.)
|
| 461 |
|
1 |
|0 (RuTPU)RU\TPU\book\157108
|t Изменение петрографического состава и степени метаморфизма углей некоторых районов Кузбасса в связи с их тектоническим развитием
|o Диссертация на соискание ученой степени доктора геолого-минералогических наук
|f И. С. Пельдяков
|g Кузнецкий научно-исследовательский угольный институт
|v [Т. 1]
|d 1964
|
| 610 |
1 |
|
|a докторские диссертации
|
| 610 |
1 |
|
|a Кузбасс
|
| 610 |
1 |
|
|a петрографический состав
|
| 610 |
1 |
|
|a уголь
|
| 610 |
1 |
|
|a метаморфизм
|
| 610 |
1 |
|
|a тектоническое развитие
|
| 610 |
1 |
|
|a Прокопьевско-Киселевский район
|
| 610 |
1 |
|
|a Кемеровский район
|
| 610 |
1 |
|
|a Анжерский район
|
| 675 |
|
|
|a 553.94(04)
|v 3
|
| 675 |
|
|
|a 622.333:5(04)
|v 3
|
| 801 |
|
1 |
|a RU
|b 63413507
|c 20081010
|g PSBO
|
| 801 |
|
2 |
|a RU
|b 63413507
|c 20150403
|g PSBO
|
| 942 |
|
|
|c BK
|